Statistics for Countries by Shape and Flag

Click here to take the quiz!

General Stats

  • This quiz has been taken 722 times
    (107 since last reset)
  • The average score is 23 of 30

Answer Stats

Hint Answer % Correct
Germany
99%
China
90%
Belgium
90%
Australia
86%
France
86%
Canada
86%
North Macedonia
83%
Switzerland
82%
South Africa
82%
Austria
82%
Chile
80%
Albania
80%
Portugal
79%
Ukraine
78%
Greece
76%
Romania
76%
Brazil
76%
Estonia
76%
Pakistan
73%
Slovakia
73%
Costa Rica
72%
Nigeria
71%
Peru
70%
Serbia
69%
Taiwan
69%
Liechtenstein
66%
Angola
64%
Cameroon
62%
Mongolia
60%
South Sudan
48%

Score Distribution

Percentile by Number Answered

Percent of People with Each Score

Your Score History

You have not taken this quiz since the last reset